| 000 | 01666cam a22002054a 4500 | ||
|---|---|---|---|
| 005 | 20250605163956.0 | ||
| 008 | 250528s ||||||||||||||||||||||||d | ||
| 035 | _a15481 | ||
| 020 | _a132858185 | ||
| 040 |
_aGR-AtMCL _bgre _dGR-AtMCL _eAACR2 |
||
| 245 | 1 | _aYourdon Systems Method / Model-Driven Systems Development | |
| 260 |
_bPrentice Hall, _c1993 |
||
| 300 | _a682 | ||
| 505 | 0 | _aIntroduction, Overview of YSM, Using YSM, Modelling Tools, Entity Relationship Diagram, Entity-Event Table, Entity Specification, Associative Entity Specification, Subtyping Specification, Statement of Purpose, Terminator Specification, Data Flow Diagram, Function-Entity Table, System Event Specification, Behavioural State Transition Diagram, The Enterprise Essential Model, Information Modelling Principles, Maintaining the Enterprise Information Aspect, Guidelines, The Relationship Between Systems and the Enterprise, Building the System Essential Model, The System Essential Model. | |
| 520 | _aIntroduction, Overview of YSM, Using YSM, Modelling Tools, Entity Relationship Diagram, Entity-Event Table, Entity Specification, Associative Entity Specification, Subtyping Specification, Statement of Purpose, Terminator Specification, Data Flow Diagram, Function-Entity Table, System Event Specification, Behavioural State Transition Diagram, The Enterprise Essential Model, Information Modelling Principles, Maintaining the Enterprise Information Aspect, Guidelines, The Relationship Between Systems and the Enterprise, Building the System Essential Model, The System Essential Model. | ||
| 700 | 1 |
_aYourdon _91412 |
|
| 942 | _cBK | ||
| 999 |
_c1060 _d1060 |
||